| 000 | 00575nam a2200169 i 4500 | ||
|---|---|---|---|
| 001 | 77154 | ||
| 003 | ES-MaACL | ||
| 005 | 20230906173112.0 | ||
| 007 | t| | ||
| 008 | 041007s1914 sp l ||||1| spa d | ||
| 100 | 1 |
_aGutiérrez-Gamero, Francisco. _961150 |
|
| 245 | 1 | 0 |
_aLegislación industrial / _cpor Francisco Gutiérrez-Gamero. |
| 260 |
_aMadrid : _b[s.n., _c1914] ( _fF. Moliner) |
||
| 300 |
_a2 v. ; _c21 cm. |
||
| 505 | 8 |
_aContiene: v. 1 ; _tAsociación. Huelgas. Contrato de trabajo -- v. 2 ; _tEl trabajo y el capital en la industria |
|
| 852 |
_aES-MaACL _jF-9183-84 |
||
| 999 |
_c77154 _d77154 |
||